Diablo 3 Boss - Statistiques

Statistiques générales
  • Ce quiz a été pris 58 fois
  • Le résultat moyen est 9 sur 18
Statistiques - réponses
Hint Réponse % Correct
Diablo
100%
Malthaël
85%
Le Boucher
82%
Acte I Le Roi Squelette
74%
Asmodan
72%
Bélial
72%
Acte II Magdha
59%
Adria
44%
Izual
44%
Cydaée
41%
Zoltun Kulle
41%
Acte III Ghom
38%
Acte IV Rakanoth
36%
Reine Aranéa
36%
Acte V Urzaël
36%
Briseur de Siège
31%
(mini-boss) Iskatu
13%
Bonus Vidian
13%
Aucun quiz correspondant
Distribution des résultats
% des personnes avec chaque résultat
Percentile par nombre de réponses
Votre historique - résultats
Vous n’avez pas pris ce quiz